000 00998cam a22003137a 4500
003 CHAP
005 20220329133735.0
008 971013s1945 r 00010 d
010 _a10188
011 _a11160
035 _a10398
040 _cCHAP
090 _aTesis
100 0 0 _aAcevedo Miranda, Antonio.
_9510
245 0 _aReglamentación de los aprovechamientos del coyol en el estado de Veracruz
260 _aChapingo, Méx. :
_bEl autor,
_c1945
300 _a65 p.
502 _aTesis (Ing. Agr. Esp. en Bosques) -- ENA. Departamento de Bosques
590 _aALEPH
_b10
_c20130110
_lUCH01
_h1226
590 _aBATCH-UPD
_b10
_c20130110
_lUCH01
_h0336
590 _aBATCH-UPD
_b10
_c20130110
_lUCH01
_h2317
590 _aCONVERSION
_b10
_c20130109
_lUCH01
_h1307
650 1 4 _aCoquito de aceite.
_927915
901 _aBK
942 _cFOLL
949 _bBC
_cTES
_d-21946
_eTS1
_i10398
_si
949 _bBC
_cTES
_d-21947
_eTS2
_fc.2
_i10398
_si
949 _bBC
_cTES
_d-21948
_eTS2
_fc.3
_i10398
_si
999 _c10188
_d10188